Antología: selección de la autora
Đã lưu trong:
| Định dạng: | Sách |
|---|---|
| Ngôn ngữ: | Tiếng Tây Ban Nha |
| Được phát hành: |
Santiago
Comisión Asesora Presidencial Bicentenario
2009
|
| Những chủ đề: | |
| Các nhãn: |
Thêm thẻ
Không có thẻ, Là người đầu tiên thẻ bản ghi này!
|
MARC
| LEADER | 00000nam a2200000 a 4500 | ||
|---|---|---|---|
| 001 | UCH4433 | ||
| 003 | CL-VaPUC | ||
| 008 | 090820e20090000CL |||||||||||||||||spa|d | ||
| 020 | |a 9789567892136 | ||
| 082 | 0 | 4 | |a Ch861 |b MIS |2 21 |
| 245 | 1 | 0 | |a Antología: selección de la autora |
| 300 | |a 195 p | ||
| 942 | |c BK | ||
| 945 | |d 20090820 00:00:00 |a rbrito | ||
| 260 | |a Santiago |b Comisión Asesora Presidencial Bicentenario |c 2009 | ||
| 650 | 0 | |a Poesías chilenas |9 265280 | |
| 583 | |a last modification |c 20090820 00:00:00 |k Rodrigo Vera | ||
| 999 | |c 335757 |d 335755 | ||
| 952 | |0 0 |1 0 |4 0 |6 CH_861_000000000000000_MIS_2009 |7 0 |8 A |9 426420 |a BIBEDU |b BIBEDU |c ES_NOD |d 2019-11-22 |i 4589939 |l 1 |o Ch861 MIS 2009 |p 4589939 |r 2024-10-15 |s 2024-10-08 |w 2019-11-22 |y BK |k BME | ||
| 952 | |0 0 |1 0 |4 0 |6 CH_861_000000000000000_MIS_2009 |7 0 |8 A |9 426421 |a BIBEDU |b BIBEDU |c ES_NOD |d 2019-11-22 |i 4589947 |o Ch861 MIS 2009 |p 4589947 |r 2023-08-09 |w 2019-11-22 |y BK |k BME | ||
| 952 | |0 0 |1 0 |4 0 |6 CH_861_000000000000000_MIS_2009 |7 0 |8 A |9 426422 |a BIBCUR |b BIBCUR |d 2019-11-22 |i 459391K |l 2 |o Ch861 MIS 2009 |p 459391K |r 2025-04-22 |s 2024-09-16 |w 2019-11-22 |y BK |k PER | ||
| 952 | |0 0 |1 0 |4 0 |6 CH_861_000000000000000_MIS_2009 |7 0 |8 A |9 426423 |a BIBCUR |b BIBCUR |d 2019-11-22 |i 4593928 |l 2 |o Ch861 MIS 2009 |p 4593928 |r 2025-04-22 |s 2025-04-11 |w 2019-11-22 |y BK |k PER | ||
| 952 | |0 0 |1 0 |4 0 |6 CH_861_000000000000000_MIS_2009 |7 0 |8 A |9 426424 |a BIBHIS |b BIBHIS |d 2019-11-22 |i 4606272 |o Ch861 MIS 2009 |p 4606272 |r 2025-01-20 |w 2019-11-22 |y BK |k HIS | ||
| 952 | |0 0 |1 0 |4 0 |6 CH_861_000000000000000_MIS_2009 |7 0 |8 A |9 426425 |a BIBHIS |b BIBHIS |d 2019-11-22 |i 4606264 |o Ch861 MIS 2009 |p 4606264 |r 2025-01-20 |w 2019-11-22 |y BK |k HIS | ||